| 000 | 00727nac a22001931u 4500 | ||
|---|---|---|---|
| 010 | _a 73158222 | ||
| 082 | 0 | 0 |
_a620.112 _bK573 |
| 090 |
_c3500 _d3500 |
||
| 100 | _aKinasoshvili, R. S. | ||
| 245 | 1 | 0 |
_aStrength of materials _c[by] R. Kinasoshvili, translated from the Russian by M. Konyaeva. |
| 260 |
_aMoscow, _bMir Publishers, _c1972. |
||
| 300 |
_a360 p. with illus. _c22 cm. |
||
| 500 | _aTranslation of Soprotivlenie materialov. | ||
| 500 | _aDonations. | ||
| 500 | _aDonations - Bibliotheca Alexandrina. | ||
| 650 | 0 | _aStrength of materials. | |
| 942 |
_cBB _k620.112K573 |
||
| 999 |
_c3500 _d3500 |
||